|
|
|
|
| LEADER |
01252nam a2200349 a 4500 |
| 001 |
000031839 |
| 003 |
CZ BrMZK |
| 005 |
20250408100918.0 |
| 007 |
ta |
| 008 |
010907s1995 xr a e f 0 cze d |
| 015 |
|
|
|a cnb000110656
|
| 035 |
|
|
|a (OCoLC)36607042
|
| 040 |
|
|
|a BOA001
|b cze
|
| 072 |
|
7 |
|a 687
|x Oděvní průmysl. Kosmetika. Kadeřnictví. Péče o vzhled
|2 Konspekt
|9 19
|
| 080 |
|
|
|a 687.023
|2 MRF
|
| 080 |
|
|
|a 687.12
|2 MRF
|
| 080 |
|
|
|a 687.021
|2 MRF
|
| 080 |
|
|
|a (035)
|2 MRF
|
| 100 |
1 |
|
|a Jarošová, Eva
|7 jx20091005012
|4 aut
|
| 245 |
1 |
0 |
|a ABCD o oděvu /
|c Eva Jarošová.
|
| 260 |
|
|
|a Brno :
|b [s.n.],
|c 1995
|
| 300 |
|
|
|a 170 s. :
|b il. (některé barev.) ;
|c 29 cm
|
| 504 |
|
|
|a Obsahuje bibliografii
|
| 500 |
|
|
|a Dostupné též v digitální podobě v aplikaci Kramerius
|
| 650 |
0 |
7 |
|a šití
|7 ph127803
|2 czenas
|
| 650 |
0 |
7 |
|a dámské oděvy
|7 ph137547
|2 czenas
|
| 650 |
0 |
7 |
|a střihy
|7 ph136724
|2 czenas
|
| 655 |
|
7 |
|a příručky
|7 fd133209
|2 czenas
|
| 856 |
4 |
1 |
|u http://www.digitalniknihovna.cz/mzk/uuid/uuid:62e27ce0-1925-11f0-a518-0050568d319f
|y Digitalizovaný dokument
|x NDK
|
| 910 |
|
|
|a BOA001
|b 4-1011.919
|
| 990 |
|
|
|a BK
|
| 996 |
7 |
|
|b 2610024906
|c 4-1011.919
|l MZK
|r Sklad / do 1 hodiny
|n 56
|p p.v.
|w 000031839
|u 000010
|a 1
|e BOA001
|j MZK50
|s A
|